| 000 | 00934nam a2200253 c 4500 | ||
|---|---|---|---|
| 001 | 000030407 | ||
| 003 | RuMoIPM | ||
| 005 | 20260424124430.0 | ||
| 008 | 000316s1999 ru a||||||||||||||||rus d | ||
| 020 | _a5-03-003294-0 | ||
| 035 | _a(RuMoBEN) 000043236 | ||
| 035 | _a(RuMoBEN Bibliobus) 078452 | ||
| 040 |
_aRuMoBEN _brus _ercr |
||
| 041 |
_arus _heng _hfre |
||
| 044 | _aru | ||
| 080 | _a51(063) | ||
| 111 | 2 |
_aМеждународный конгресс математиков _cЦюрих _d1994 |
|
| 245 | 0 | 0 |
_aМеждународный конгресс математиков в Цюрихе,1994 _bИзбранные доклады. : Пер. с англ. и фр. _cСост. А. А. Аграчев |
| 260 |
_aМосква _bМир _c1999 |
||
| 300 |
_a382 с. _bил. |
||
| 504 | _aБиблиогр. в конце докл. | ||
| 700 | 0 |
_aАграчев, Андрей Александрович _eред. |
|
| 942 | _cPC | ||
| 999 |
_c30407 _d30407 |
||